000
00325nam a22001457a 4500
008
230208b ||||| |||| 00| 0 eng d
020
_a
0534274951
041
_a
eng
080
_2
3RD EDITION
_a
51
082
_a
51STA
100
_a
20
101
_a
MATEM
245
_a
THE MATHEMATICAL PALETTE
_c
STASZKOW
942
_2
udc
_c
BK
999
_c
59342
_d
59342